000 00635nam a2200217 a 4500
001 BRCA_4316
005 20190320204626.0
008 250610s1954----enka######---#000-0#eng-#
041 _aeng
044 _aenk
050 4 _aND813.G6
_b.G69 1954
245 1 0 _aGoya
_bDrawings, Etchings and Litographs, 12 June - 25 July 1954.
260 _aLondres
_bArts Council
_c1954
300 _a28 p.
_bil., 12 láminas
_c23 cm.
500 _aCEF113
600 1 4 _aGoya y Lucientes, Francisco José de
_d1746-1828
_911075
650 1 4 _aPintores españoles
_97620
650 1 4 _aGalerías y museos
_zEspaña
_97331
902 _aGFM
942 _2lcc
_cB
999 _c4027
_d4027